00618pam a2200217 a 4500001000700000003000500007005001700012008004100029010001700070020001500087040001800102050002200120082001600142100002400158245006300182260005400245300004100299504002600340650001500366700001900381480504PILC20150525143859.0841030s1985 mau b 000 0 eng  a 84024568  a9710852175 aDLCcDLCdDLC00aHB 171b.P69 198500a330/.0246581 aPool, John Charles.14aThe instant economist /cJohn Charles Pool, Ross M. LaRoe. aReading, Mass. :bAddison-Wesley Pub. Co.,c1985. a120 pages :billustrations ;c22 cm. aBibliography: p. 120. 0aEconomics.1 aLaRoe, Ross M.